[Event "EIWCC 2017"]
[Site "Riga"]
[Date "2017.04.19"]
[Round "8"]
[White "Zaksaite, Salomeja"]
[Black "Ovod, Evgenija"]
[Result "0-1"]
[WhiteElo "2262"]
[BlackElo "2382"]
[Annotator "NA"]
[PlyCount "76"]
[EventDate "2017.??.??"]
[EventType "swiss"]
[EventCountry "LAT"]
[SourceTitle "playchess.com"]
[Source "ChessBase"]
[SourceQuality "1"]
[TimeControl "40/5400+30:1800+30"]

{[%evp 8,46,0,32767,32767,32767,32767,9,32767,8,7,10,16,20,26,32767,32767,-2,0,-54,-66,-143,-150,-119,-118,-156,-62,-141,32767,-115,-149,-374,-363,-346,-358,-385,-367,-322,-113,-113,-58]} 1. e4 {[%emt 0:00:00]} e6 {[%emt 0:00:06]} 2. d4 {[%emt 0:00:00]} d5 {[%emt 0:00:07]} 3. Nc3 {[%emt 0:00:00]} Nf6 {[%emt 0:00:08]} 4. e5 {[%emt 0:00:44]} Nfd7 {[%emt 0:00:06]} 5. f4 {[%emt 0:00:23]} c5 {[%emt 0:00:07]} 6. Nf3 {[%emt 0:00:03]} Be7 {[%emt 0:00:10]} 7. Be2 {[%emt 0:08:56]} Nc6 {[%emt 0:02:24]} 8. Be3 {[%emt 0:00:22]} b6 {[%emt 0:00:08] C11: French: Classical System: 4 e5 and 4 Bg5 dxe4} 9. O-O {[%emt 0:01:03]} O-O {[%emt 0:00:05]} 10. Qe1 {[%emt 0:04:36]} f5 {[%emt 0:00:17] LiveBook: 9 Games} 11. exf6 Nxf6 {[%emt 0:00:06]} 12. Bb5 {[%emt 0:14:06]} Nb4 {[%emt 0:09:31]} 13. Rf2 $146 {[%emt 0:03:53]} (13. Rc1 a6 14. Be2 Ng4 15. Bd2 Nc6 16. Nd1 Nf6 {½-½ (62) Brkic,A (2606)-Tratar,M (2477) Bol 2011}) 13... a6 {[%emt 0:03:11]} 14. Bd3 {[%emt 0:05:43] [#]} (14. Ba4 $142) 14... Ng4 $1 {[%emt 0:13:50]} ({Much less strong is} 14... Nxd3 15. cxd3 Ng4 16. Rf1 $15) 15. Rd2 {[%emt 0:00:43]} Nc6 {[%emt 0:00:24]} 16. Na4 {[%emt 0:07:41]} Qc7 {[%emt 0:24:01]} (16... cxd4 $17 17. Bxd4 Nxd4 18. Nxd4 Qd6) 17. dxc5 {[%emt 0:06:43]} ({White should try} 17. c3 $1 $15) 17... bxc5 {[%emt 0:00:46]} 18. g3 {[%emt 0:08:37] [#]} e5 $1 {[%emt 0:21:00]} ({Reject} 18... Nxe3 $6 19. Qxe3 Qa5 20. b3 $15) 19. Nxe5 $2 {[%emt 0:05:10]} (19. Nc3 $17 {was the only chance.} Be6 20. h3 Nxe3 21. Qxe3) 19... Ncxe5 {[%emt 0:00:04]} 20. fxe5 {[%emt 0:00:03]} Nxe5 {[%emt 0:00:58]} 21. Be2 $19 {[%emt 0:01:36]} Qc6 {[%emt 0:01:01]} ({Inferior is} 21... Bd7 22. Nc3 d4 23. Nd5 $11) 22. Bf4 {[%emt 0:00:38]} Bf6 $2 {[%emt 0:14:37]} (22... Bg5 $19 {has better winning chances.} 23. Bxg5 d4 24. Nxc5 Qxc5) 23. Nc3 {[%emt 0:01:02]} Bb7 $15 {[%emt 0:05:01]} 24. Rxd5 {[%emt 0:13:07]} Rae8 {[%emt 0:00:21]} 25. Qd2 {[%emt 0:00:23]} Kh8 {[%emt 0:02:24]} 26. Rf1 {[%emt 0:01:47]} Ng6 {[%emt 0:00:10]} 27. Bf3 {[%emt 0:01:05]} Nxf4 {[%emt 0:01:20]} 28. gxf4 {[%emt 0:00:12]} Bd4+ {[%emt 0:01:01]} 29. Kh1 {[%emt 0:03:00]} Qf6 {[%emt 0:00:54]} 30. Rg5 {[%emt 0:03:38]} Qxg5 {[%emt 0:00:12]} 31. Bxb7 {[%emt 0:01:35]} Bxc3 {[%emt 0:00:43]} 32. bxc3 {[%emt 0:00:51]} Qf6 {[%emt 0:00:17]} 33. Bd5 {[%emt 0:02:00]} g5 {[%emt 0:00:07]} 34. f5 {[%emt 0:03:34]} Re5 {[%emt 0:00:02]} 35. Bg2 {[%emt 0:01:10]} Rxf5 {[%emt 0:00:12]} 36. Rb1 {[%emt 0:00:24]} Rf2 {[%emt 0:00:51]} 37. Qe3 {[%emt 0:00:30]} Rxc2 {[%emt 0:00:54]} 38. Qxc5 {[%emt 0:00:29]} Rxg2 {[%emt 0:00:29]} 0-1

[Event "EIWCC 2017"]
[Site "Riga"]
[Date "2017.04.19"]
[Round "8"]
[White "Ozturk, Kubra"]
[Black "Daulyte, Deimante"]
[Result "1/2-1/2"]
[WhiteElo "2261"]
[BlackElo "2443"]
[Annotator "TA"]
[PlyCount "149"]
[EventDate "2017.??.??"]
[EventType "swiss"]
[EventCountry "LAT"]
[SourceTitle "playchess.com"]
[Source "ChessBase"]
[SourceQuality "1"]

{[%evp 25,149,38,40,45,68,39,44,41,60,43,58,70,97,106,110,97,115,54,64,39,60,18,26,-74,-1,-52,-69,-69,-83,-51,-74,-70,0,0,0,0,0,0,0,0,0,0,0,0,34,20,20,0,0,0,0,0,0,0,0,0,10,10,8,8,8,8,8,8,8,8,16,12,14,14,16,16,16,16,16,16,24,0,0,0,24,24,24,21,24,24,24,24,45,16,17,12,24,24,24,33,322,322,310,12,304,272,303,303,289,288,237,195,210,20,20,0,0,0,89,8,9,0,0,0,0,0,0,0,0,0]} 1. d4 d6 2. Nf3 Nf6 3. c4 g6 4. Nc3 Bg7 5. e4 O-O 6. Be2 Nbd7 7. O-O e5 8. Qc2 a5 9. Rd1 exd4 10. Nxd4 Re8 11. f3 Nc5 12. Be3 {E94: King's Indian: Classical: 6 Be2 e5 7 0-0: Various Black 7th moves} Qe7 13. Bf1 c6 {LiveBook: 3 Games} 14. Bf2 {White is slightly better.} Bh6 $146 (14... Nfd7 15. Re1 Ne5 16. Rad1 Be6 17. b3 Qc7 18. h3 Bh6 19. g3 {½-½ (86) Bischoff,K (2561)-Enders,P (2467) Germany 2010}) 15. b3 Nh5 16. g3 Bd7 17. a3 {[%cal Ba2a3,Ba3b4][%mdl 32]} Rad8 18. Bg2 Bc8 19. b4 axb4 20. axb4 Ne6 21. Ra7 (21. Nb3 $16) 21... Nxd4 $14 22. Bxd4 Be6 23. Bb6 Bxc4 24. f4 (24. Bf1 $11 Be6 25. Bxd8 Be3+ 26. Kh1 Rxd8 27. Ra3) 24... Rd7 ({Better is} 24... Ra8 $17) 25. Qf2 (25. Ra3 $11) 25... Nf6 $15 26. h3 Bg7 27. Bd4 h5 28. Kh2 b5 ({Black should play} 28... Rdd8 $15) 29. Bxf6 $11 Bxf6 30. Rxd7 Qxd7 {[#]} 31. e5 $1 {[%mdl 512]} Be7 {And now ...d5 would win.} (31... dxe5 32. Rxd7) 32. exd6 Bxd6 33. Ne4 Rxe4 $1 (33... Re6 34. Qd4 Bd5 35. Nf6+ Rxf6 36. Qxf6 $14) 34. Bxe4 Qe6 35. Bxc6 h4 36. Bg2 hxg3+ 37. Qxg3 Qf6 38. Kh1 Bxf4 39. Qf3 Kg7 40. Bf1 Bxf1 (40... g5 $5 {is interesting.} 41. Bg2 Be6 42. Qf2 Bb3 43. Rg1 Be6) 41. Rxf1 {[%mdl 4096] Endgame KQR-KQB} g5 42. Rf2 Qd4 43. h4 f6 44. hxg5 Bxg5 45. Rh2 {next Qb7+ is good for White.} Qd7 (45... Qa1+ $5 46. Kg2 $8 Qb2+ 47. Kg3 (47. Qf2 Qxb4 48. Qa7+ Kg8 $11) 47... Qe5+ 48. Kg2 Qb2+ 49. Kg3 (49. Qf2 Qxb4 50. Qa7+ Kg8 $11) 49... Qe5+ 50. Kg2 Qb2+ $11) 46. Re2 Qd1+ 47. Kg2 Kh6 48. Qe4 Qd6 49. Kf3 Qd1 50. Kf2 Qd6 51. Qh1+ Kg6 52. Qe4+ Kh6 $1 53. Kg2 Qd1 54. Rc2 Qd6 55. Kf3 Qd1+ 56. Kf2 Qd6 57. Ke2 Qh2+ 58. Kd3 Qg3+ 59. Kd4 {Hoping for Kc5.} Qd6+ $1 60. Kc3 {Threatens to win with Kb3.} Bf4 $2 {[%mdl 8192]} ({Black should try} 60... f5 $1 $14 61. Qxf5 Bf6+ 62. Kb3 Qg3+ 63. Ka2 Qg8+ 64. Kb1 Qb3+ 65. Kc1 Bg5+ 66. Kd1 Qb1+ 67. Ke2 Qxb4) 61. Kb3 $18 Bg5 62. Kb2 $2 (62. Rc8 $18 {White wants to mate with Rh8+.} Qd1+ 63. Ka2 Qd2+ 64. Rc2) 62... Bd2 $2 {[%mdl 8192]} (62... f5 $1 $11 {and Black stays safe.} 63. Qe1 (63. Qxf5 Qxb4+ 64. Ka1 Qa4+ 65. Kb1 Qb3+ 66. Ka1 Qa3+ 67. Kb1 Qb3+ 68. Rb2 Qd1+ 69. Ka2 Qa4+ 70. Kb1 Qd1+ 71. Ka2 Qa4+ 72. Kb1 Qd1+ $11) 63... Bf6+ 64. Kb1 (64. Kc1 Bg5+ 65. Kb2 Bf6+ 66. Kb1 Qd3 67. Qd2+ Qxd2 68. Rxd2 Bc3 $11) 64... Qd3 65. Qd2+ Qxd2 66. Rxd2 Bc3) 63. Qh1+ Kg6 64. Qg2+ ({Resist} 64. Qe4+ Kh6 65. Rc5 Qh2 $18) 64... Bg5 65. Qe4+ Kh6 66. Rc3 Qd2+ {[#]} 67. Qc2 $2 ({White must play} 67. Kb3 $1 $18 {White threatens Rh3+ and mate.} Qd1+ 68. Kb2) 67... Qd4 $1 $11 {White must now prevent ...Bd2.} 68. Kb3 {aiming for Rc5.} Qd5+ $1 69. Ka3 Qh1 (69... Qa8+ $11 {keeps the balance.} 70. Kb2 Bf4) 70. Kb2 (70. Rc8 $16 {Rh8+ would kill now.} Qa1+ 71. Qa2) 70... Bf4 $1 {The position is equal.} 71. Ka2 Qa8+ 72. Kb1 Qh1+ 73. Ka2 Qa8+ 74. Kb1 {Rh3+ is the strong threat.} Qh1+ 75. Ka2 1/2-1/2

[Event "EIWCC 2017"]
[Site "Riga"]
[Date "2017.04.19"]
[Round "8"]
[White "Sandu, Mihaela"]
[Black "Szczepkowska, Karina"]
[Result "0-1"]
[WhiteElo "2261"]
[BlackElo "2414"]
[Annotator "TA"]
[PlyCount "144"]
[EventDate "2017.??.??"]
[EventType "swiss"]
[EventCountry "LAT"]
[SourceTitle "playchess.com"]
[Source "ChessBase"]
[SourceQuality "1"]

{[%evp 24,144,-32,-18,-22,-42,-40,-34,-40,-37,-37,-24,-19,-31,0,0,8,0,0,0,0,0,17,0,16,0,7,0,0,-9,-11,-18,-14,-31,-25,-27,-28,-77,-77,-77,-77,-91,-91,-99,-89,-104,-102,-108,-97,-160,-86,-121,-127,-155,-143,-211,-213,-230,-119,-190,-168,-168,-168,-175,-168,-195,-185,-241,-210,-358,-332,-352,-320,-350,-358,-348,-344,-315,-211,-353,-369,-604,-592,-581,-492,-612,-644,-874,-637,-614,-597,-514,-491,-493,-493,-491,-485,-478,-472,-433,-441,-468,-459,-568,-424,-345,-329,-568,-409,-550,-433,-1219,-1001,-12000,-5600,-29970,-5919,-29972,-29975,-29974,-29971,-29981,-29979]} 1. e4 e5 2. Nf3 Nc6 3. Bc4 Bc5 4. d3 Nf6 5. Bb3 d6 6. c3 a6 7. O-O Ba7 8. Nbd2 h6 {C54: Giuoco Piano: 4 c3 Nf6, main lines with 5 d4 and 5 d3} (8... O-O 9. h3 Re8 10. Re1 h6 11. Nf1 Be6 12. Bc2 d5 13. exd5 Bxd5 14. Ng3 Bc5 15. Ne4 Bf8 16. Be3 Nxe4 17. dxe4 Bc4 18. Nd2 Be6 19. a4 a5 {1-0 (48) Onischuk,V (2601)-Inarkiev,E (2709) Doha 2016}) 9. h3 g5 10. Nh2 g4 11. hxg4 Rg8 12. Qf3 Qe7 13. Nc4 {LiveBook: 3 Games} Nxg4 14. Ne3 Nxh2 15. Kxh2 Bxe3 16. fxe3 $146 (16. Bxe3) 16... Be6 17. Bxe6 Qxe6 18. Bd2 Ne7 19. Be1 Ng6 20. Qh3 Qxh3+ 21. gxh3 Ke7 22. Rf5 Rg7 23. Bf2 Rag8 24. Rg1 Nf8 25. Bh4+ Ke8 26. Rxg7 Rxg7 $11 {[%mdl 4096] Endgame KRB-KRN} 27. d4 Nd7 28. Bg3 {[%cal Rd4e5]} f6 {[%cal Bf7f6,Bf6e5][%mdl 32]} 29. Kg2 Kf7 30. Rh5 Kg6 31. Rf5 {[#]} d5 $1 {[%mdl 512]} 32. dxe5 (32. exd5 Kxf5) 32... fxe5 (32... Nxe5 33. Bxe5 fxe5 34. Kf3 $16) 33. Rf2 dxe4 34. Kh2 Rf7 35. Rg2 {White wants to play Bxe5+.} Kf5 36. Bh4 {[#]} (36. Rf2+ $142 Ke6 37. Rxf7 Kxf7 38. c4) 36... Nf8 (36... Nb6 $142 $1 37. Re2 Ke6) 37. Bd8 Ke6 38. Bh4 Rf3 39. Re2 (39. Rg3 $17) 39... Ng6 $19 40. Bd8 c6 ({Better is} 40... Ne7 $19 41. b3 b5 42. Bxc7 Nd5) 41. b3 (41. Rg2 $17 Nf8 42. Rg3) 41... Nf8 42. c4 Nd7 43. Bc7 {[#]} Nc5 $1 44. Rg2 Nd3 45. Rg6+ (45. Bb6 $142) 45... Rf6 46. Rg8 (46. Rxf6+ {is a better defense.} Kxf6 47. Bd8+ Kg6 48. Ba5) 46... Rf2+ 47. Kg1 Rxa2 48. Rg6+ Kf7 49. Rxh6 Re2 50. Bb6 Rb2 51. Rh7+ (51. Bd8 {was called for.}) 51... Kg6 52. Rxb7 $2 (52. Rh8) 52... Rxb3 53. Rb8 {[#]} a5 $1 {[%cal Ba6a5,Ba5a4][%mdl 544]} 54. h4 (54. Bxa5 Rxb8) 54... a4 55. h5+ Kh7 56. Kg2 a3 57. Kg3 a2 58. Ra8 Rxb6 59. Rxa2 {KRN-KR} Kh6 60. Kg4 Rb4 61. c5 {intending Ra6.} Rc4 ({Not} 61... Nxc5 62. Rc2 Rb5 63. Rc4 $19) 62. Kf5 Rxc5 ({Weaker is} 62... Nxc5 63. Ra8 $19) 63. Kxe4 Nb4 ({Stronger than} 63... Kxh5 64. Kxd3 Kh4 65. Rf2 $11) 64. Rh2 Rd5 65. Kf5 $2 (65. Rg2 Rd8 66. Rg1) 65... Nd3 66. Ra2 c5 {[%cal Bc6c5,Bc5c4][%mdl 32]} 67. Ra8 (67. Ra6+ $142 Kxh5 68. Ra7) 67... c4 68. Ke4 Rc5 69. Ra1 Kxh5 (69... Nb4 $142 70. Kf5 c3 71. Rf1 c2 72. Kg4 c1=Q 73. Rxc1 Rxc1 74. Kf5 Nd3 75. e4 Re1 76. Kg4 Rxe4+ 77. Kf3 Re1 78. Kg4 Rf1 79. Kh4 e4 80. Kg4 e3 81. Kh3 e2 82. Kg4 e1=Q 83. Kh3 Rg1 84. Kh2 Qg3#) 70. Kf5 Kh4 {Black mates.} 71. Ke4 Kg3 72. Rf1 Nf2+ 0-1

[Event "EIWCC 2017"]
[Site "Riga"]
[Date "2017.04.19"]
[Round "8"]
[White "Calzetta Ruiz, Monica"]
[Black "Papp, Petra"]
[Result "0-1"]
[WhiteElo "2257"]
[BlackElo "2378"]
[Annotator "NA"]
[PlyCount "58"]
[EventDate "2017.??.??"]
[EventType "swiss"]
[EventCountry "LAT"]
[SourceTitle "playchess.com"]
[Source "ChessBase"]
[SourceQuality "1"]
[TimeControl "40/5400+30:1800+30"]

{[%evp 9,51,14,32,17,19,9,22,6,12,32767,16,21,18,-10,60,-1,6,0,0,-6,0,-30,-28,-19,-10,-8,-19,32767,32767,-107,-99,-101,-42,32767,32767,32767,32767,32767,32767,32767,32767,-389,32767,-364]} 1. e4 {[%emt 0:00:00]} e5 {[%emt 0:00:51]} 2. Nf3 {[%emt 0:00:00]} Nc6 {[%emt 0:00:09]} 3. Bb5 {[%emt 0:00:00]} a6 {[%emt 0:00:05]} 4. Ba4 {[%emt 0:00:00]} Nf6 {[%emt 0:00:07]} 5. d3 {[%emt 0:00:00]} d6 {[%emt 0:01:23]} 6. c4 {[%emt 0:00:09]} Bg4 {[%emt 0:05:03] C77: Ruy Lopez: 3...a6 4 Ba4 Nf6, unusual lines} (6... g6 7. Nc3 Bg7 8. Nd5 Nd7 9. Bg5 f6 10. Be3 O-O 11. O-O Kh8 12. Re1 Rf7 13. h3 Nc5 14. Bxc5 dxc5 15. Bxc6 bxc6 {1-0 (74) Filippov,A (2582)-Buhmann,R (2640) Baku 2016}) 7. h3 {[%emt 0:03:43]} Bxf3 {[%emt 0:01:25]} 8. Qxf3 {[%emt 0:00:06] LiveBook: 10 Games} Nd7 {[%emt 0:00:12]} 9. Be3 {[%emt 0:15:28]} g6 {[%emt 0:14:37]} 10. Nc3 {[%emt 0:11:11]} Bg7 {[%emt 0:05:23]} 11. O-O {[%emt 0:19:01]} Nf8 $146 {[%emt 0:18:10]} (11... Nd4 $11 12. Bxd4 (12. Bxd7+ Qxd7 13. Qg4 Ne6 14. Nd5 b5 15. Qh4 Qd8 16. Qxd8+ Kxd8 {½-½ (16) Pachman,L-Donner,J Venice 1950}) 12... exd4 13. Bxd7+ Qxd7) 12. Qd1 {[%emt 0:17:37]} Ne6 $1 {[%emt 0:06:21]} 13. Qb3 {[%emt 0:02:36]} O-O {[%emt 0:20:36]} 14. Qxb7 {[%emt 0:02:19]} Ncd4 {[%emt 0:06:47]} 15. Bxd4 {[%emt 0:01:30]} exd4 {[%emt 0:01:35]} 16. Nd5 {[%emt 0:00:56]} Nc5 {[%emt 0:01:01]} 17. Qc6 {[%emt 0:02:18]} (17. Qxc7 $2 Nxa4 18. Qxd8 Rfxd8 $17) 17... Nxd3 {[%emt 0:01:20]} 18. Qxc7 {[%emt 0:10:56]} Nxb2 {[%emt 0:00:52]} 19. Qxd8 {[%emt 0:00:34]} Rfxd8 {[%emt 0:00:48]} 20. Bb3 {[%emt 0:00:33]} a5 {[%emt 0:02:14]} 21. Rab1 {[%emt 0:04:43]} d3 {[%emt 0:01:39]} 22. Nb6 {[%emt 0:00:02]} a4 {[%emt 0:03:29]} 23. Nxa8 {[%emt 0:00:03]} axb3 {[%emt 0:00:14]} 24. Nb6 {[%emt 0:00:17]} bxa2 {[%emt 0:00:24]} 25. Ra1 {[%emt 0:01:22]} d2 {[%emt 0:01:05]} 26. Rxa2 $19 {[%emt 0:01:38]} d1=Q {[%emt 0:00:21]} 27. Rxd1 {[%emt 0:00:02]} Nxd1 {[%emt 0:00:07]} 28. Rd2 {[%emt 0:00:15]} Nc3 {[%emt 0:00:36]} 29. f3 {[%emt 0:00:01]} Bd4+ {[%emt 0:00:18]} 0-1

[Event "EIWCC 2017"]
[Site "Riga"]
[Date "2017.04.19"]
[Round "8"]
[White "Ivanenko, Olga I"]
[Black "Kovanova, Baira"]
[Result "1/2-1/2"]
[WhiteElo "2252"]
[BlackElo "2376"]
[Annotator "ChessBase"]
[PlyCount "82"]
[EventDate "2017.??.??"]
[EventType "swiss"]
[EventCountry "LAT"]
[SourceTitle "playchess.com"]
[Source "ChessBase"]
[SourceQuality "1"]
[TimeControl "40/5400+30:1800+30"]

1. b3 {[%emt 0:00:00]} e5 {[%emt 0:00:56]} 2. Bb2 {[%emt 0:00:00]} Nc6 {[%emt 0:00:30]} 3. e3 {[%emt 0:00:00]} Nf6 {[%emt 0:03:28]} 4. Bb5 {[%emt 0:00:23]} d6 {[%emt 0:01:20]} 5. d4 {[%emt 0:01:41]} exd4 {[%emt 0:01:16]} 6. Qxd4 {[%emt 0:00:28]} Bd7 {[%emt 0:01:19]} 7. Bxc6 {[%emt 0:05:12]} Bxc6 {[%emt 0:01:25]} 8. f3 {[%emt 0:06:59]} d5 {[%emt 0:06:55]} 9. Nc3 {[%emt 0:01:03]} Bd6 {[%emt 0:01:44]} 10. O-O-O {[%emt 0:00:54]} Qe7 {[%emt 0:01:18]} 11. Re1 {[%emt 0:15:09]} Bc5 {[%emt 0:03:38]} 12. Qd2 {[%emt 0:01:13]} O-O-O {[%emt 0:04:15]} 13. Nh3 {[%emt 0:14:23]} Rhe8 {[%emt 0:04:24]} 14. Nd1 {[%emt 0:00:23]} Qd6 {[%emt 0:09:15]} 15. Nhf2 {[%emt 0:03:22]} Rd7 {[%emt 0:02:36]} 16. Nd3 {[%emt 0:06:07]} Bb6 {[%emt 0:12:17]} 17. Bd4 {[%emt 0:06:14]} Bb5 {[%emt 0:03:12]} 18. Bxb6 {[%emt 0:01:11]} Qxb6 {[%emt 0:05:54]} 19. Qc3 {[%emt 0:06:57]} Bxd3 {[%emt 0:02:11]} 20. Qxd3 {[%emt 0:03:25]} Qa5 {[%emt 0:03:27]} 21. Nc3 {[%emt 0:06:02]} Rde7 {[%emt 0:06:37]} 22. Kb1 {[%emt 0:07:14]} Re6 {[%emt 0:05:44]} 23. Re2 {[%emt 0:00:49]} Rd8 {[%emt 0:04:37]} 24. Rd1 {[%emt 0:00:50]} Red6 {[%emt 0:01:29]} 25. Qf5+ {[%emt 0:01:54]} Kb8 {[%emt 0:00:41]} 26. Kb2 {[%emt 0:00:36]} Rc6 {[%emt 0:04:20]} 27. Rd3 {[%emt 0:00:47]} Ra6 {[%emt 0:01:30]} 28. g4 {[%emt 0:04:52]} Qa3+ {[%emt 0:00:30]} 29. Kb1 {[%emt 0:00:04]} Ra5 {[%emt 0:02:04]} 30. Red2 {[%emt 0:03:58]} h6 {[%emt 0:02:02]} 31. h4 {[%emt 0:00:17]} Rd6 {[%emt 0:02:27]} 32. Rd4 {[%emt 0:00:18]} Rc6 {[%emt 0:01:09]} 33. Ra4 {[%emt 0:01:23]} Rxa4 {[%emt 0:00:11]} 34. Nxa4 {[%emt 0:00:03]} b5 {[%emt 0:00:12]} 35. g5 {[%emt 0:01:27]} bxa4 {[%emt 0:01:37]} 36. gxf6 {[%emt 0:00:05]} axb3 {[%emt 0:00:10]} 37. axb3 {[%emt 0:00:07]} Ra6 {[%emt 0:01:15]} 38. Qe5 {[%emt 0:00:14]} Qa2+ {[%emt 0:00:31]} 39. Kc1 {[%emt 0:00:03]} Qa3+ {[%emt 0:00:33]} 40. Kb1 {[%emt 0:00:00]} Qa2+ {[%emt 0:00:09]} 41. Kc1 {[%emt 0:02:08]} Qa3+ {[%emt 0:06:58]} 1/2-1/2

[Event "EIWCC 2017"]
[Site "Riga"]
[Date "2017.04.19"]
[Round "8"]
[White "Komiagina, Maria"]
[Black "Khomeriki, Nino"]
[Result "0-1"]
[WhiteElo "2247"]
[BlackElo "2308"]
[Annotator "NA"]
[PlyCount "88"]
[EventDate "2017.??.??"]
[EventType "swiss"]
[EventCountry "LAT"]
[SourceTitle "playchess.com"]
[Source "ChessBase"]
[SourceQuality "1"]
[TimeControl "40/5400+30:1800+30"]

1. e4 {[%emt 0:00:00]} e5 {[%emt 0:02:54]} 2. Nf3 {[%emt 0:00:00]} Nc6 {[%emt 0:00:12]} 3. Bb5 {[%emt 0:00:00]} a6 {[%emt 0:00:11]} 4. Ba4 {[%emt 0:00:00]} Nf6 {[%emt 0:00:06]} 5. d3 {[%emt 0:00:04]} d6 {[%emt 0:05:31]} 6. c3 {[%emt 0:00:07]} Be7 {[%emt 0:00:38]} 7. O-O {[%emt 0:00:17]} O-O {[%emt 0:00:14]} 8. Re1 {[%emt 0:00:22]} b5 {[%emt 0:01:32]} 9. Bc2 {[%emt 0:00:37]} Re8 {[%emt 0:03:41]} 10. Nbd2 {[%emt 0:00:16]} Bf8 {[%emt 0:00:06] LiveBook: 93 Games} 11. d4 {[%emt 0:00:40]} Bb7 {[%emt 0:04:42] C91: Closed Ruy Lopez: 7...d6 8 c3 0-0 9 d4} 12. d5 {[%emt 0:00:25]} (12. a3 Nb8 13. b3 Nbd7 14. Bb2 g6 15. a4 Bg7 16. Bd3 c6 {½-½ (56) Motylev,A (2649)-Dominguez Perez,L (2732) Berlin 2015}) 12... Nb8 {[%emt 0:01:10]} 13. c4 {[%emt 0:01:28]} c6 {[%emt 0:03:59]} 14. b3 {[%emt 0:00:38]} Nbd7 {[%emt 0:01:53]} 15. Bb2 {[%emt 0:01:34]} Qb8 $146 {[%emt 0:09:49]} (15... Qc7 16. Nf1 Rec8 17. Ne3 cxd5 18. cxd5 {½-½ (41) Klenburg,M (2407)-Zilberman,Y (2459) Ashdod 2004}) 16. Rb1 {[%emt 0:04:07]} Qa7 {[%emt 0:03:13]} 17. h3 {[%emt 0:00:34]} Rac8 {[%emt 0:00:36]} 18. Nf1 {[%emt 0:01:27]} Nc5 {[%emt 0:11:10]} 19. Ng3 {[%emt 0:05:42]} a5 {[%emt 0:05:17]} 20. Qd2 {[%emt 0:14:42]} Qb6 {[%emt 0:12:52]} 21. Bc3 {[%emt 0:03:15]} Ra8 {[%emt 0:03:07]} 22. Nf5 {[%emt 0:02:10]} Bc8 {[%emt 0:01:31]} 23. g4 {[%emt 0:11:24]} Bxf5 {[%emt 0:03:36]} 24. exf5 {[%emt 0:02:08]} b4 {[%emt 0:00:46]} 25. Bb2 {[%emt 0:00:31]} cxd5 {[%emt 0:00:34]} 26. cxd5 {[%emt 0:00:16]} e4 {[%emt 0:06:56]} (26... h6 $15) 27. Ng5 {[%emt 0:04:30]} Be7 {[%emt 0:04:35]} 28. Nxe4 {[%emt 0:03:34]} Nfxe4 {[%emt 0:00:13]} 29. Bxe4 {[%emt 0:00:05]} Bh4 {[%emt 0:02:00]} 30. Bc2 {[%emt 0:01:29]} h6 {[%emt 0:01:32]} 31. Rxe8+ {[%emt 0:09:45]} Rxe8 {[%emt 0:00:15]} 32. Re1 {[%emt 0:00:07]} Bxf2+ {[%emt 0:01:52]} 33. Qxf2 {[%emt 0:02:04]} Rxe1+ {[%emt 0:00:07]} 34. Kh2 $19 {[%emt 0:07:05]} Re8 {[%emt 0:00:22]} 35. Bd3 {[%emt 0:00:12]} Qb7 {[%emt 0:01:33]} 36. Bc4 {[%emt 0:00:37]} f6 {[%emt 0:03:01]} 37. Bd4 {[%emt 0:02:34]} Nd7 {[%emt 0:01:00]} 38. Qg2 {[%emt 0:02:34]} Ne5 {[%emt 0:00:56]} 39. Bf1 {[%emt 0:00:14]} Qc7 {[%emt 0:01:00]} 40. Bb5 {[%emt 0:00:00]} Rb8 {[%emt 0:01:47]} 41. Bf1 {[%emt 0:06:28]} Qc1 {[%emt 0:03:15]} 42. Bxe5 {[%emt 0:00:12]} fxe5 {[%emt 0:00:08]} 43. Bc4 {[%emt 0:05:26]} Qf4+ {[%emt 0:00:36]} 44. Qg3 {[%emt 0:01:25]} Rc8 {[%emt 0:01:01]} 0-1